[Event "Imperia op"]
[Site "Imperia"]
[Date "1989.??.??"]
[Round "5"]
[White "Kljako, Damir"]
[Black "Oll, Lembit"]
[Result "0-1"]
[WhiteElo "2345"]
[BlackElo "2510"]
[PlyCount "88"]
[EventDate "1989.??.??"]
[EventType "swiss"]
[EventRounds "9"]
[EventCountry "ITA"]
[Source "ChessBase"]
[SourceDate "1996.11.15"]

1. d4 Nf6 2. Nf3 g6 3. Bg5 Bg7 4. Nbd2 O-O 5. e3 d6 6. h3 Nbd7 7. Be2 e5 8.
dxe5 dxe5 9. c3 Qe7 10. e4 b6 11. O-O Bb7 12. Qc2 h6 13. Bxf6 Nxf6 14. Rfe1 Nh5
15. Bc4 Nf4 16. a4 a5 17. Nf1 Rad8 18. Rad1 Kh8 19. Kh2 f5 20. Rxd8 Rxd8 21.
N1d2 Qc5 22. Kg1 Bxe4 23. Rxe4 fxe4 24. Qxe4 Kh7 25. b4 Qd6 26. h4 Nd5 27. bxa5
bxa5 28. h5 Nxc3 29. hxg6+ Qxg6 30. Qe1 e4 31. Nh2 Rd4 32. Nhf1 Nxa4 33. Qb1
Nb6 34. Bb3 Rb4 35. Qc1 Rxb3 36. Nxb3 a4 37. Nbd2 Nd5 38. Qc4 Nc3 39. Ne3 a3
40. Qxc7 a2 41. Nb3 Ne2+ 42. Kf1 Qa6 43. Nc4 Nd4 44. Na1 Ne6 0-1

[Event "Imperia op"]
[Site "Imperia"]
[Date "1989.??.??"]
[Round "8"]
[White "Yermolinsky, Alex"]
[Black "Oll, Lembit"]
[Result "1-0"]
[WhiteElo "2480"]
[BlackElo "2510"]
[PlyCount "103"]
[EventDate "1989.??.??"]
[EventType "swiss"]
[EventRounds "9"]
[EventCountry "ITA"]
[Source "ChessBase"]
[SourceDate "1996.11.15"]

1. c4 e6 2. d4 d5 3. Nc3 Nf6 4. cxd5 exd5 5. Bg5 c6 6. e3 Bf5 7. Nge2 Nbd7 8.
Ng3 Bg4 9. Be2 h6 10. Bf4 Bxe2 11. Qxe2 Qe7 12. Qc2 Qe6 13. Qb3 b6 14. Nge2 Be7
15. O-O O-O 16. Rfd1 Nh5 17. Rac1 Rac8 18. Qa4 g5 19. Bg3 a5 20. Re1 f5 21. Qb3
Nhf6 22. f3 b5 23. Bf2 b4 24. Na4 c5 25. dxc5 Nxc5 26. Nxc5 Bxc5 27. Qd3 Nd7
28. Rcd1 Nb6 29. b3 Qf6 30. Nd4 Rf7 31. Qb5 a4 32. bxa4 Ra7 33. a5 Nc4 34. Nb3
Qd6 35. Nxc5 Rxa5 36. Qxb4 Qxc5 37. Qxc5 Rcxc5 38. e4 Rcb5 39. exd5 Rxd5 40.
Rxd5 Rxd5 41. Rc1 Nb2 42. Kf1 Kf7 43. Rc5 Ke6 44. Rc6+ Ke5 45. Rxh6 Nd3 46. Rh8
Rb5 47. Be3 f4 48. Bd2 Rb1+ 49. Ke2 Nc5 50. h4 gxh4 51. Rh5+ Kd4 52. Rxh4 1-0

[Event "URS-ch U26"]
[Site "Tbilisi"]
[Date "1989.??.??"]
[Round "?"]
[White "Dautov, Rustem"]
[Black "Oll, Lembit"]
[Result "1-0"]
[WhiteElo "2535"]
[BlackElo "2510"]
[Annotator "Bulletin"]
[PlyCount "85"]
[EventDate "1989.01.??"]
[EventType "tourn"]
[EventRounds "15"]
[EventCountry "URS"]
[EventCategory "9"]
[Source "ChessBase"]
[SourceDate "1989.10.01"]

1. d4 d5 2. c4 c6 3. Nc3 Nf6 4. Nf3 e6 5. e3 Nbd7 6. Bd3 dxc4 7. Bxc4 b5 8. Bd3
Bb7 9. e4 b4 10. Na4 c5 11. e5 Nd5 12. Nxc5 (12. O-O cxd4 13. Re1 {
ECO D47/13-15}) 12... Bxc5 (12... Nxc5 13. dxc5 Bxc5 14. O-O h6 15. Nd2 Nc3 16.
Qc2 Qd5 17. Nf3 Rd8 18. Ne1 Bd4 19. Bd2 Ne4 $6 {
N; Dautov,R-Dreev,A/URS-YM Tbilisi/1989/1-0/44/  -> CBM 12}) 13. dxc5 Nxc5 14.
Bb5+ Kf8 15. O-O h6 16. Qd4 Rc8 $1 {N} 17. Qg4 $1 g6 18. h4 $5 h5 (18... Qb6 $5
19. Nd4 Kg7 $14) 19. Qd4 Qb6 20. Be2 (20. Bc4 Nd7 21. Qd3 Rxc4 22. Qxc4 Ba6 $15
) 20... Nd7 21. Qd1 $6 (21. Qd3 $1 Nc5 (21... Kg7 22. Bg5 Nc5 23. Qd1 Ne4 24.
Bd3 Nxg5 25. Nxg5 $14) 22. Qd1 Ba6 23. Ng5 Nd7 24. Bxa6 Qxa6 25. Re1 {/\ 26.Qf3
}) 21... Ba6 22. Bg5 Kg7 23. Bxa6 Qxa6 24. a3 Qb7 (24... bxa3 25. Rxa3 Qb6 26.
Qe2 Rc7 27. Rfa1 Rb8 $10) 25. axb4 Rc4 26. b5 Ra8 27. Ra5 Qc7 28. Qa1 Qb6 29.
b3 Rb4 $2 {>= 29...Rg4!~/=} 30. Ra6 $1 Qb7 31. Nd4 Nc5 32. Ra3 Ne4 33. Bf6+ $1
Kh7 (33... Nexf6 34. exf6+ Nxf6 35. Qc3 $18) 34. Ra4 Rxa4 35. bxa4 Rc8 36. Nf3
$2 $138 (36. Re1 $1 Nexf6 37. exf6 Nf4 38. Nf3 $16) 36... Nf4 37. Qe1 Rc4 38.
Qe3 Nxf6 $2 (38... Nd5 39. Qa3 Kg8 {/\ 40...Nef6}) 39. exf6 Rxa4 40. Rc1 $18
Nd5 41. Qc5 $1 Nxf6 42. Qf8 g5 43. Ne5 1-0

[Event "URS-ch U26"]
[Site "Tbilisi"]
[Date "1989.??.??"]
[Round "?"]
[White "Dreev, Alexey"]
[Black "Oll, Lembit"]
[Result "1/2-1/2"]
[WhiteElo "2520"]
[BlackElo "2510"]
[Annotator "Bulletin"]
[PlyCount "49"]
[EventDate "1989.01.??"]
[EventType "tourn"]
[EventRounds "15"]
[EventCountry "URS"]
[EventCategory "9"]
[Source "ChessBase"]
[SourceDate "1989.10.01"]

1. d4 Nf6 2. Nf3 e6 3. c4 Bb4+ 4. Nbd2 O-O 5. a3 Be7 6. e4 d5 7. Qc2 $5 {
7.e5(!); 7.cxd5?! exd5 8.e5 Ne4! ->(Ruban,V-Ulibin,M/URS-YM Tbilisi/1989/1/2-1/
2/45} c5 $5 (7... dxe4 8. Nxe4 Nc6 9. Bd3 h6 10. Be3 Ng4 11. Rd1 f5 12. Nc3 Bf6
13. O-O Bxd4 14. Bxf5 Rxf5 15. Bxd4 Rxf3 16. gxf3 Nxh2 17. Kxh2 Qh4+ $10 {
Epishin,V-Arnason,J/New York op/1989/1-0/41/  ->}) 8. dxc5 a5 $5 {8...dxe4} 9.
cxd5 exd5 10. Bd3 h6 11. O-O Nc6 12. h3 (12. b3 dxe4 $1 13. Nxe4 Bg4) (12. Rd1
Bg4 13. h3 Nd4 $1 14. Nxd4 Bxd1 15. Qxd1 dxe4 $15) 12... Be6 13. b3 Nd7 14.
exd5 Bxd5 15. Ne4 Bxe4 16. Bxe4 Nxc5 17. Bxc6 $6 (17. Rd1 $1 Qb6 18. Bd5 Bf6
19. Rb1 $14 {/\ 20.Be3}) 17... bxc6 18. Be3 Qd3 $1 19. Qxd3 Nxd3 $10 20. Rfd1
Nc5 21. Nd4 Bf6 22. Rab1 Ne4 23. Rbc1 Rab8 24. Rxc6 Rfd8 25. Rcc1 1/2-1/2

[Event "URS-ch U26"]
[Site "Tbilisi"]
[Date "1989.??.??"]
[Round "?"]
[White "Oll, Lembit"]
[Black "Akopian, Vladimir"]
[Result "1/2-1/2"]
[WhiteElo "2510"]
[BlackElo "2520"]
[PlyCount "33"]
[EventDate "1989.01.??"]
[EventType "tourn"]
[EventRounds "15"]
[EventCountry "URS"]
[EventCategory "9"]
[Source "ChessBase"]
[SourceDate "1989.10.01"]

1. e4 e6 2. d4 d5 3. Nc3 dxe4 4. Nxe4 Nd7 5. Nf3 Ngf6 6. Nxf6+ Nxf6 7. Bd3 b6
8. O-O Bb7 9. c3 Be7 10. Ba6 Bxa6 11. Qa4+ c6 12. Qxa6 O-O 13. Bg5 Nd5 14. Bxe7
Qxe7 15. Rfe1 Rac8 16. Rad1 Qc7 17. Ne5 1/2-1/2

[Event "URS-ch U26"]
[Site "Tbilisi"]
[Date "1989.??.??"]
[Round "?"]
[White "Oll, Lembit"]
[Black "Epishin, Vladimir"]
[Result "1-0"]
[WhiteElo "2510"]
[BlackElo "2465"]
[PlyCount "77"]
[EventDate "1989.01.??"]
[EventType "tourn"]
[EventRounds "15"]
[EventCountry "URS"]
[EventCategory "9"]
[Source "ChessBase"]
[SourceDate "1989.10.01"]

1. e4 e6 2. d4 d5 3. Nc3 Bb4 4. e5 Qd7 5. a3 Bf8 6. Nf3 b6 7. Bb5 c6 8. Ba4 Ba6
9. Ne2 Bb5 10. Bb3 c5 11. c3 Nc6 12. O-O Nge7 13. Re1 h5 14. Bg5 Bxe2 15. Rxe2
Nf5 16. dxc5 Bxc5 17. Ba4 a6 18. c4 O-O 19. cxd5 exd5 20. e6 fxe6 21. Ne5 Qd6
22. Nxc6 b5 23. Bb3 Rae8 24. Ne5 Nd4 25. Nd3 Nxe2+ 26. Qxe2 Rf5 27. Bh4 Bd4 28.
Re1 Kf8 29. g4 hxg4 30. Qxg4 Bf6 31. Bg3 Qb6 32. Nf4 g5 33. Ng6+ Kf7 34. Qh5
Kg7 35. Bc2 Rc8 36. Bxf5 exf5 37. Ne5 Qe6 38. Qg6+ Kf8 39. Nd7+ 1-0

[Event "URS-ch U26"]
[Site "Tbilisi"]
[Date "1989.??.??"]
[Round "?"]
[White "Oll, Lembit"]
[Black "Ruban, Vadim"]
[Result "1-0"]
[WhiteElo "2510"]
[BlackElo "2420"]
[PlyCount "83"]
[EventDate "1989.01.??"]
[EventType "tourn"]
[EventRounds "15"]
[EventCountry "URS"]
[EventCategory "9"]
[Source "ChessBase"]
[SourceDate "1989.10.01"]

1. e4 c5 2. Nf3 d6 3. d4 cxd4 4. Nxd4 Nf6 5. Nc3 Nc6 6. Bg5 e6 7. Qd2 a6 8.
O-O-O h6 9. Be3 Nxd4 10. Bxd4 b5 11. Qe3 Bd7 12. f4 b4 13. Ne2 Qc7 14. Bxf6
gxf6 15. Kb1 Rc8 16. Qd2 h5 17. Nd4 Qb6 18. b3 Bh6 19. Bc4 Ke7 20. Qf2 Qa5 21.
e5 fxe5 22. fxe5 Qxe5 23. Rhf1 Qg7 24. Qe1 Qe5 25. Qf2 Qg7 26. Qe1 Qe5 27. Qxb4
Rb8 28. Qc3 Be3 29. g3 Rhc8 30. Rfe1 Bxd4 31. Rxd4 Qc5 32. Rf4 Qg5 33. Qd3 Qg7
34. Rd1 Rb6 35. Bxa6 Rc3 36. Qe2 e5 37. Bc4 Be6 38. Rh4 Bg4 39. Qf2 Bxd1 40.
Qxb6 Bxc2+ 41. Kb2 e4 42. Qc7+ 1-0

[Event "URS-ch U26"]
[Site "Tbilisi"]
[Date "1989.??.??"]
[Round "?"]
[White "Oll, Lembit"]
[Black "Shabalov, Alexander"]
[Result "1/2-1/2"]
[WhiteElo "2510"]
[BlackElo "2425"]
[PlyCount "38"]
[EventDate "1989.01.??"]
[EventType "tourn"]
[EventRounds "15"]
[EventCountry "URS"]
[EventCategory "9"]
[Source "ChessBase"]
[SourceDate "1989.10.01"]

1. e4 c5 2. Nf3 d6 3. d4 cxd4 4. Nxd4 Nf6 5. Nc3 g6 6. Be3 Bg7 7. f3 Nc6 8. Qd2
O-O 9. Bc4 Bd7 10. O-O-O Rc8 11. Bb3 Ne5 12. h4 h5 13. Bg5 Rc5 14. f4 Neg4 15.
Rhe1 Qa5 16. Nf3 Bc6 17. Nd5 Qxd2+ 18. Rxd2 Re8 19. c3 b5 1/2-1/2

[Event "URS-ch U26"]
[Site "Tbilisi"]
[Date "1989.??.??"]
[Round "?"]
[White "Oll, Lembit"]
[Black "Shirov, Alexei"]
[Result "1/2-1/2"]
[WhiteElo "2510"]
[BlackElo "2450"]
[PlyCount "39"]
[EventDate "1989.01.??"]
[EventType "tourn"]
[EventRounds "15"]
[EventCountry "URS"]
[EventCategory "9"]
[Source "ChessBase"]
[SourceDate "1989.10.01"]

1. d4 Nf6 2. c4 g6 3. Nf3 Bg7 4. g3 O-O 5. Bg2 d5 6. O-O c5 7. cxd5 Nxd5 8. e4
Nf6 9. e5 Nd5 10. dxc5 Na6 11. Qe2 Nxc5 12. Rd1 b6 13. Ng5 Ba6 14. Qg4 e6 15.
Nc3 h5 16. Qf3 Bxe5 17. Nxd5 exd5 18. Rxd5 Qe7 19. Bf4 Bxf4 20. Qxf4 1/2-1/2

[Event "URS-ch U26"]
[Site "Tbilisi"]
[Date "1989.??.??"]
[Round "?"]
[White "Oll, Lembit"]
[Black "Ulibin, Mikhail"]
[Result "1-0"]
[WhiteElo "2510"]
[BlackElo "2445"]
[Annotator "Bulletin"]
[PlyCount "67"]
[EventDate "1989.01.??"]
[EventType "tourn"]
[EventRounds "15"]
[EventCountry "URS"]
[EventCategory "9"]
[Source "ChessBase"]
[SourceDate "1989.10.01"]

1. e4 e6 2. d4 d5 3. Nc3 Bb4 4. e5 c5 5. a3 Bxc3+ 6. bxc3 Ne7 7. Qg4 O-O 8. Bd3
Nbc6 9. Qh5 h6 10. Bxh6 $1 gxh6 11. Qxh6 Nf5 12. Bxf5 exf5 13. Nh3 (13. O-O-O
$1 {Dieser von Murray Chandler stammende Zug wurde zuerst von seinem
Vereinska- meraden Söhnke Maus (beide HSV) erfolgreich gegen Robert Hübner in
Lugano 1989 angewandt. Im CBM 13 folgen weitere Informationen.} f4 14. Nh3 Ne7
15. Ng5 Bf5 16. g4 Be4 17. Rhe1 Qb6 18. e6 Bg6 19. Rd3 {
1-0; Maus,So-Huebner,R/Lugano op/1989/}) 13... f6 14. Qg6+ Kh8 15. Qh6+ Kg8 16.
Qg6+ Kh8 17. O-O-O $1 {17.Qh6 =; Oll,L-Dokhoian,Y/URS-FL Klaipeda/1988/} fxe5 (
17... c4 18. Rde1 Qe7 19. Qh6+ Kg8 20. Re3 $1) (17... Qe7 18. Qh6+ Kg8 19. Rd3
Rf7 20. Rg3+ Rg7 21. exf6) (17... f4 18. Qh6+ Kg8 19. Nxf4 Bf5 (19... fxe5 20.
dxe5 Bf5 21. Rxd5 Qe7 22. Nh5 Nxe5 23. Re1 Nd3+ 24. Rxd3 Qxe1+ 25. Kb2 $18) 20.
Nh5 Qe7 21. Nxf6+ Rxf6 22. exf6 Qh7 23. Qxh7+ Bxh7 24. dxc5) 18. Qh6+ Kg8 19.
Qg6+ Kh8 20. Rd3 f4 21. Qh6+ Kg8 22. Qg6+ Kh8 23. Qh6+ Kg8 24. Rg3+ $1 fxg3 25.
Qg6+ Kh8 26. hxg3 Qh4 27. gxh4 Bf5 28. Qh6+ Kg8 29. Ng5 exd4 30. Rh3 Ne5 31.
Rg3 Bg6 32. Ne6 Kf7 33. Nxf8 Rxf8 34. Qf4+ 1-0

[Event "URS-ch U26"]
[Site "Tbilisi"]
[Date "1989.??.??"]
[Round "?"]
[White "Savchenko, Stanislav"]
[Black "Oll, Lembit"]
[Result "0-1"]
[WhiteElo "2480"]
[BlackElo "2510"]
[PlyCount "72"]
[EventDate "1989.01.??"]
[EventType "tourn"]
[EventRounds "15"]
[EventCountry "URS"]
[EventCategory "9"]
[Source "ChessBase"]
[SourceDate "1989.10.01"]

1. d4 d5 2. c4 c6 3. cxd5 cxd5 4. Nc3 Nf6 5. Bf4 Nc6 6. e3 e6 7. Bd3 Bd6 8.
Bxd6 Qxd6 9. f4 O-O 10. Nf3 b6 11. a3 Bb7 12. O-O Ne7 13. Rc1 Rfc8 14. Nb5 Qd8
15. Rxc8 Nxc8 16. Qc2 Ba6 17. Rc1 Bxb5 18. Bxb5 Nd6 19. Ba6 b5 20. Qc7 Nfe8 21.
Qxd8 Rxd8 22. b3 f6 23. Ne1 Rb8 24. Nd3 Kf7 25. a4 bxa4 26. bxa4 Rb3 27. Kf2
Ne4+ 28. Kf3 Ra3 29. g4 Rxa4 30. Bb5 Ra2 31. f5 N8d6 32. fxe6+ Kf8 33. e7+ Kxe7
34. Bc6 Nd2+ 35. Kg3 N6e4+ 36. Kh3 Nf3 0-1

[Event "URS-ch U26"]
[Site "Tbilisi"]
[Date "1989.??.??"]
[Round "?"]
[White "Serper, Grigory"]
[Black "Oll, Lembit"]
[Result "1/2-1/2"]
[WhiteElo "2435"]
[BlackElo "2510"]
[PlyCount "68"]
[EventDate "1989.01.??"]
[EventType "tourn"]
[EventRounds "15"]
[EventCountry "URS"]
[EventCategory "9"]
[Source "ChessBase"]
[SourceDate "1989.10.01"]

1. e4 c5 2. Nf3 d6 3. d4 cxd4 4. Nxd4 Nf6 5. Nc3 a6 6. a4 Nc6 7. Be2 e6 8. O-O
Bd7 9. Be3 Nxd4 10. Bxd4 Bc6 11. Bf3 Be7 12. a5 O-O 13. Qe2 Nd7 14. Rfd1 Qc7
15. Qe3 Rac8 16. Be2 Bf6 17. Bxf6 Nxf6 18. Bf3 Rfd8 19. h3 Be8 20. Qd4 e5 21.
Qb4 Qc5 22. Qxc5 Rxc5 23. Kf1 Kf8 24. Ke2 Ke7 25. Ke3 Bd7 26. Be2 Be6 27. Bd3
g6 28. Na4 Rc6 29. Nb6 d5 30. exd5 Bxd5 31. f3 Be6 32. c4 Nd7 33. Nxd7 Rxd7 34.
b3 Rcd6 1/2-1/2

[Event "Budapest Spring op 05th"]
[Site "Budapest"]
[Date "1989.??.??"]
[Round "?"]
[White "Doery, Jeno"]
[Black "Oll, Lembit"]
[Result "0-1"]
[WhiteElo "2320"]
[BlackElo "2510"]
[PlyCount "78"]
[EventDate "1989.03.18"]
[EventType "swiss"]
[EventRounds "9"]
[EventCountry "HUN"]
[Source "ChessBase"]
[SourceDate "1994.03.01"]

1. e4 c5 2. Nf3 d6 3. d4 cxd4 4. Nxd4 Nf6 5. Nc3 a6 6. a4 e6 7. Be2 Be7 8. O-O
Qc7 9. f4 O-O 10. Kh1 Rd8 11. Qe1 b6 12. Bd3 Bb7 13. Nf3 Nbd7 14. Qg3 Nc5 15.
e5 Nfe4 16. Nxe4 Bxe4 17. Ne1 dxe5 18. fxe5 Nxd3 19. cxd3 Bg6 20. Be3 Rd5 21.
d4 Qd7 22. Qf2 Rc8 23. Qe2 Ra5 24. b3 Qb7 25. Qd2 Rd5 26. Rc1 Rxc1 27. Qxc1 Rd8
28. Rf3 Rc8 29. Qd2 Qe4 30. Bf2 Qb1 31. Rc3 Rxc3 32. Qxc3 h6 33. h3 a5 34. Kh2
Bb4 35. Qe3 Be4 36. d5 Bc5 37. Qd2 Bxf2 38. Qxf2 Bxd5 39. Nf3 Qxb3 0-1

[Event "Budapest Spring op 05th"]
[Site "Budapest"]
[Date "1989.??.??"]
[Round "?"]
[White "Oll, Lembit"]
[Black "Bangiev, Alexander"]
[Result "1-0"]
[WhiteElo "2510"]
[BlackElo "2335"]
[PlyCount "57"]
[EventDate "1989.03.18"]
[EventType "swiss"]
[EventRounds "9"]
[EventCountry "HUN"]
[Source "ChessBase"]
[SourceDate "1994.03.01"]

1. e4 c5 2. Nf3 e6 3. d4 cxd4 4. Nxd4 Nf6 5. Nc3 Nc6 6. Bg5 Bb4 7. Qd3 h6 8.
Bd2 d5 9. exd5 Nxd5 10. O-O-O O-O 11. Nxc6 bxc6 12. Ne4 Be7 13. c4 Nf6 14. Bc3
Qxd3 15. Bxd3 Nd7 16. Bc2 Nb6 17. b3 c5 18. a4 a6 19. g4 Ra7 20. Rhg1 f6 21. f4
Nd7 22. h4 e5 23. g5 exf4 24. gxh6 Rf7 25. Nd6 Bxd6 26. Rxd6 Kh8 27. Re6 g6 28.
Re8+ Rf8 29. Bxf6+ 1-0

[Event "Budapest Spring op 05th"]
[Site "Budapest"]
[Date "1989.??.??"]
[Round "?"]
[White "Oll, Lembit"]
[Black "Herczeg, Tibor"]
[Result "1-0"]
[WhiteElo "2510"]
[BlackElo "2215"]
[PlyCount "39"]
[EventDate "1989.03.18"]
[EventType "swiss"]
[EventRounds "9"]
[EventCountry "HUN"]
[Source "ChessBase"]
[SourceDate "1994.03.01"]

1. e4 c5 2. Nf3 Nc6 3. d4 cxd4 4. Nxd4 Nf6 5. Nc3 e5 6. Ndb5 d6 7. Nd5 Nxd5 8.
exd5 Ne7 9. c4 a6 10. Qa4 axb5 11. Qxa8 Nf5 12. cxb5 Nd4 13. Bd3 Be7 14. Be3
O-O 15. Rc1 f5 16. O-O Bg5 17. Rxc8 Qxc8 18. Qxc8 Rxc8 19. Bxg5 e4 20. Be3 1-0

[Event "Budapest Spring op 05th"]
[Site "Budapest"]
[Date "1989.??.??"]
[Round "?"]
[White "Roos, Jean Luc"]
[Black "Oll, Lembit"]
[Result "1/2-1/2"]
[WhiteElo "2315"]
[BlackElo "2510"]
[PlyCount "65"]
[EventDate "1989.03.18"]
[EventType "swiss"]
[EventRounds "9"]
[EventCountry "HUN"]
[Source "ChessBase"]
[SourceDate "1994.03.01"]

1. e4 c5 2. Nc3 Nc6 3. g3 g6 4. Bg2 Bg7 5. d3 d6 6. Nf3 e6 7. Be3 Nd4 8. O-O
Ne7 9. Qd2 Nec6 10. Ne1 h5 11. Nd1 h4 12. c3 Nb5 13. Nf3 h3 14. Bh1 e5 15. a4
Nc7 16. d4 Na5 17. Qc2 c4 18. Nd2 Qe7 19. f4 Bd7 20. Nf3 Nb3 21. Ra3 exd4 22.
cxd4 d5 23. Ne5 Be6 24. f5 gxf5 25. exf5 Bc8 26. Qf2 Bxe5 27. dxe5 Bd7 28. Rxb3
cxb3 29. Bc5 Qg5 30. Bd6 O-O-O 31. Qc5 Bc6 32. Nc3 b6 33. Qd4 1/2-1/2

[Event "Tallinn"]
[Site "Tallinn"]
[Date "1989.??.??"]
[Round "1"]
[White "Ernst, Thomas"]
[Black "Oll, Lembit"]
[Result "0-1"]
[WhiteElo "2460"]
[BlackElo "2510"]
[PlyCount "52"]
[EventDate "1989.04.??"]
[EventType "tourn"]
[EventRounds "11"]
[EventCountry "URS"]
[EventCategory "12"]
[Source "ChessBase"]
[SourceDate "1996.11.15"]

1. e4 c5 2. Nf3 d6 3. d4 cxd4 4. Nxd4 Nf6 5. Nc3 e6 6. g4 Nc6 7. g5 Nd7 8. Be3
Be7 9. h4 O-O 10. Qd2 Nde5 11. O-O-O Nxd4 12. Qxd4 Ng4 13. f4 Nxe3 14. Qxe3 Qb6
15. Qg3 Bd7 16. h5 Rac8 17. Bh3 Qc5 18. g6 fxg6 19. hxg6 Rxf4 20. Bf5 h6 21.
Qxf4 Bg5 22. Qxg5 hxg5 23. Rh7 exf5 24. Rdh1 Kf8 25. exf5 Bxf5 26. Re1 Kg8 0-1

[Event "Tallinn"]
[Site "Tallinn"]
[Date "1989.??.??"]
[Round "3"]
[White "Drasko, Milan"]
[Black "Oll, Lembit"]
[Result "0-1"]
[WhiteElo "2505"]
[BlackElo "2510"]
[PlyCount "104"]
[EventDate "1989.04.??"]
[EventType "tourn"]
[EventRounds "11"]
[EventCountry "URS"]
[EventCategory "12"]
[Source "ChessBase"]
[SourceDate "1996.11.15"]

1. Nf3 Nf6 2. c4 e6 3. g3 d5 4. Bg2 Be7 5. O-O O-O 6. b3 c5 7. e3 Nc6 8. Bb2 b6
9. Qe2 Bb7 10. Rd1 Rc8 11. Nc3 d4 12. exd4 cxd4 13. Na4 d3 14. Qf1 Nb4 15. Ne5
Bxg2 16. Qxg2 Nd7 17. a3 Nxe5 18. axb4 Nc6 19. b5 Na5 20. Rab1 Nxb3 21. Bxg7
Kxg7 22. Rxb3 Rxc4 23. Nb2 Rd4 24. Qf3 Qa8 25. Qxa8 Rxa8 26. Ra1 e5 27. Nxd3 e4
28. Re1 Bd6 29. Nb2 Bb4 30. Rc1 Bxd2 31. Rc7 a5 32. bxa6 Rxa6 33. Nc4 Ra1+ 34.
Kg2 Rc1 35. Rb2 b5 36. Ne3 Bxe3 37. fxe3 Rxc7 38. exd4 Rb7 39. Kf2 f5 40. Ke3
Kf6 41. g4 fxg4 42. Kxe4 Ke6 43. Rb4 h5 44. Kf4 Rf7+ 45. Ke4 Rf5 46. Rb2 h4 47.
Ra2 Rg5 48. Ra6+ Kd7 49. Kf4 Rg8 50. d5 g3 51. hxg3 hxg3 52. Ke5 Rg5+ 0-1

[Event "Tallinn"]
[Site "Tallinn"]
[Date "1989.??.??"]
[Round "5"]
[White "Ehlvest, Jaan"]
[Black "Oll, Lembit"]
[Result "1/2-1/2"]
[WhiteElo "2600"]
[BlackElo "2510"]
[PlyCount "26"]
[EventDate "1989.04.??"]
[EventType "tourn"]
[EventRounds "11"]
[EventCountry "URS"]
[EventCategory "12"]
[Source "ChessBase"]
[SourceDate "1996.11.15"]

1. d4 d5 2. c4 c6 3. Nf3 Nf6 4. Nc3 e6 5. e3 Nbd7 6. Bd3 dxc4 7. Bxc4 b5 8. Bb3
b4 9. Ne2 Bd6 10. O-O O-O 11. Bd2 Ba6 12. Re1 c5 13. Rc1 Qb6 1/2-1/2

[Event "Tallinn"]
[Site "Tallinn"]
[Date "1989.??.??"]
[Round "6"]
[White "Oll, Lembit"]
[Black "Timoshenko, Georgy"]
[Result "1/2-1/2"]
[WhiteElo "2510"]
[BlackElo "2460"]
[PlyCount "33"]
[EventDate "1989.04.??"]
[EventType "tourn"]
[EventRounds "11"]
[EventCountry "URS"]
[EventCategory "12"]
[Source "ChessBase"]
[SourceDate "1996.11.15"]

1. d4 Nf6 2. Nf3 e6 3. c4 Bb4+ 4. Nbd2 O-O 5. a3 Bxd2+ 6. Qxd2 b6 7. e3 Bb7 8.
Be2 d6 9. O-O Nbd7 10. b4 Qe7 11. Bb2 c5 12. Rfd1 Rfd8 13. dxc5 dxc5 14. Qd6
Qxd6 15. Rxd6 Kf8 16. Rad1 Ke7 17. Ne5 1/2-1/2

[Event "Tallinn"]
[Site "Tallinn"]
[Date "1989.??.??"]
[Round "9"]
[White "Psakhis, Lev"]
[Black "Oll, Lembit"]
[Result "1/2-1/2"]
[WhiteElo "2585"]
[BlackElo "2510"]
[PlyCount "44"]
[EventDate "1989.04.??"]
[EventType "tourn"]
[EventRounds "11"]
[EventCountry "URS"]
[EventCategory "12"]
[Source "ChessBase"]
[SourceDate "1996.11.15"]

1. Nf3 Nf6 2. g3 g6 3. b3 Bg7 4. Bb2 b6 5. Bg2 Bb7 6. c4 c5 7. O-O O-O 8. Na3
e6 9. d4 d5 10. e3 Ne4 11. Qe2 Qe7 12. Rac1 Nc6 13. dxc5 Bxb2 14. Qxb2 bxc5 15.
Rfd1 Rfd8 16. cxd5 exd5 17. Nb5 Rac8 18. Nc3 Nxc3 19. Qxc3 d4 20. Qxc5 Qxc5 21.
Rxc5 dxe3 22. Rxd8+ Rxd8 1/2-1/2

[Event "Tallinn"]
[Site "Tallinn"]
[Date "1989.??.??"]
[Round "11"]
[White "Oll, Lembit"]
[Black "Gavrikov, Viktor"]
[Result "1/2-1/2"]
[WhiteElo "2510"]
[BlackElo "2535"]
[PlyCount "37"]
[EventDate "1989.04.??"]
[EventType "tourn"]
[EventRounds "11"]
[EventCountry "URS"]
[EventCategory "12"]
[Source "ChessBase"]
[SourceDate "1996.11.15"]

1. d4 Nf6 2. c4 c6 3. Nc3 d5 4. e3 a6 5. cxd5 cxd5 6. Bd3 Nc6 7. f4 g6 8. Nf3
Bf5 9. Bxf5 gxf5 10. Ne5 Rc8 11. O-O e6 12. Bd2 Be7 13. Rc1 O-O 14. h3 Kh8 15.
Kh2 Nxe5 16. fxe5 Ne4 17. Nxe4 Rxc1 18. Bxc1 fxe4 19. Bd2 1/2-1/2

[Event "Debrecen"]
[Site "Debrecen"]
[Date "1989.??.??"]
[Round "?"]
[White "Kindermann, Stefan"]
[Black "Oll, Lembit"]
[Result "1/2-1/2"]
[WhiteElo "2515"]
[BlackElo "2510"]
[PlyCount "23"]
[EventDate "1989.06.??"]
[EventType "tourn"]
[EventRounds "11"]
[EventCountry "HUN"]
[EventCategory "12"]
[Source "ChessBase"]
[SourceDate "1990.02.01"]

1. e4 c6 2. d4 d5 3. Nc3 dxe4 4. Nxe4 Nd7 5. Nf3 Ngf6 6. Nxf6+ Nxf6 7. c3 Bg4
8. h3 Bxf3 9. Qxf3 Qd5 10. Be2 e6 11. O-O Be7 12. Bf4 1/2-1/2